000 00622nam a22001937a 4500
999 _c194127
_d194127
005 20221208101937.0
010 _aUR-11777
020 _a9789393785510
_c350.00
035 _aU-10332
037 _bDBAD/PUB
_a-
082 _a846
100 _aالیاس الا عظمی
245 _aافادات ثبلی /
_cالیاس الا عظمی
_hا ر د و
246 _aEfadat-E-Shibli /
_bby Ilyas Azmi
260 _aNew Delhi
_bEducational Publishing House
_c2022 ء
270 _aH.O. D1/16, Ansari Road, Daryaganj
_bNew Delhi
_e110002
300 _a224 ص
_c22cm(Hb)
942 _2ddc
_cUR
_h846
_mا ل ی